000 00964cam a22002774a 4500
001 3803
005 20250826143951.0
020 _a9781600449468
040 _aDLC
_cDLC
_dBTCTA
_dBAKER
_dDLC
_beng
050 0 0 _aQL737.P96
_b2008
082 0 0 _a599.885
100 1 _aArmentrout, David
_d1962-
245 1 0 _aChimpanzees /
_cDavid and Patricia Armentrout.
260 _aVero Beach, Florida ;
_bRourke Publishing LLC ;
_c2008
300 _a24 pages :
_bcolor illustrations ;
_c21 cm.
490 0 _aAmazing apes
490 0 _aRourke discovery library
505 _aK
520 _aThis book introduces chimpanzees (great apes), describing their physical characteristics, behavior, habitats, and endangered status.
521 _a510
_bLexile estimate
521 _aK
_bRaz-Plus
650 0 _aChimpanzees
_vJuvenile literature.
700 1 _aArmentrout, Patricia,
_d1960-
906 _a7
_bcbc
_corignew
_d1
_eecip
_f20
_gy-gencatlg
942 _2ddc
_cBK
_n0
999 _c3803
_d3803